Taylor Swift Album Knowledge - Statistics

General Stats
  • This quiz has been taken 272 times
  • The average score is 84 of 90
Answer Stats
Question Tile Select % Correct
Select all songs from Red You need to calm down No
99%
Select all songs from Lover Cruel summer Yes
98%
Select all songs from Lover Hey Stephen No
98%
Select all songs from Red State of grace Yes
98%
Select all songs from Reputation Teardrops on my guitar No
98%
Select all songs from Red The man No
98%
Select all songs from speak now You're on your own kid No
98%
Select all songs from Red All too well Yes
97%
Select all songs from speak now Clean No
97%
Select all songs from Lover Dear reader No
97%
Select all songs from speak now Enchanted Yes
97%
Select all songs from Reputation I heart? No
97%
Select all songs from Lover ...Ready for it? No
97%
Select all songs from speak now Shake it off No
97%
Select all songs from Reputation Vigilante Sh*t No
97%
Select all songs from Fearless 22 No
96%
Select all songs from Reputation All you had to do was stay No
96%
Select all songs from Taylor Swift (album) August No
96%
Select all songs from 1989 Beautiful Ghosts No
96%
Select all songs from midnights Bejeweled Yes
96%
Select all songs from evermore Better man No
96%
Select all songs from midnights Better than revenge No
96%
Select all songs from Taylor Swift (album) Betty No
96%
Select all songs from Taylor Swift (album) Cardigan No
96%
Select all songs from evermore Christmas tree farm No
96%
Select all songs from 1989 Crazier No
96%
Select all songs from Lover Forever and always No
96%
Select all songs from midnights How you get the girl No
96%
Select all songs from midnights I bet you think about me No
96%
Select all songs from Lover I forgot that you existed Yes
96%
Select all songs from Red Innocent No
96%
Select all songs from 1989 Lavender Haze No
96%
Select all songs from Lover London boy Yes
96%
Select all songs from Reputation Look what you made me do Yes
96%
Select all songs from Fearless Lover No
96%
Select all songs from Fearless Mad woman No
96%
Select all songs from speak now Mastermind No
96%
Select all songs from Fearless Midnight Rain No
96%
Select all songs from Red Should've said no No
96%
Select all songs from speak now The outside No
96%
Select all songs from Fearless Wildest dreams No
96%
Select all songs from Taylor Swift (album) Willow No
96%
Select all songs from Reputation Would've could've should've No
96%
Select all songs from 1989 A place in this world No
95%
Select all songs from 1989 Daylight No
95%
Select all songs from Reputation End game Yes
95%
Select all songs from evermore Girl at home No
95%
Select all songs from Reputation Gorgeous Yes
95%
Select all songs from speak now Haunted Yes
95%
Select all songs from Lover I almost do No
95%
Select all songs from folklore If this was a movie No
95%
Select all songs from midnights It's time to go No
95%
Select all songs from Fearless Mr perfectly fine Yes
95%
Select all songs from Lover This love No
95%
Select all songs from folklore Exile Yes
94%
Select all songs from Fearless Fifteen Yes
94%
Select all songs from folklore I don't wanna live forever No
94%
Select all songs from folklore Illicit affairs Yes
94%
Select all songs from folklore I'm only me when I'm with you No
94%
Select all songs from 1989 New romantics Yes
94%
Select all songs from Taylor Swift (album) Our song Yes
94%
Select all songs from Fearless You Belong with me Yes
94%
Select all songs from 1989 I know places Yes
93%
Select all songs from Reputation New year's Day Yes
93%
Select all songs from folklore The lakes Yes
92%
Select all songs from evermore 'tis the damn season Yes
92%
Select all songs from evermore Tolerate it Yes
92%
Select all songs from Taylor Swift (album) Cold as you Yes
91%
Select all songs from midnights Glitch Yes
91%
Select all songs from evermore Gold rush Yes
91%
Select all songs from midnights High infidelity Yes
91%
Select all songs from folklore Hoax Yes
90%
Select all songs from speak now Never grow up Yes
90%
Select all songs from Red Superstar No
90%
Select all songs from 1989 Bad blood Yes
89%
Select all songs from Fearless Breathe Yes
89%
Select all songs from folklore Carolina No
89%
Select all songs from midnights Hits different Yes
89%
Select all songs from speak now Innocent Yes
89%
Select all songs from Taylor Swift (album) Should've said no Yes
89%
Select all songs from midnights Bigger than the whole sky Yes
88%
Select all songs from folklore Invisible No
88%
Select all songs from Taylor Swift (album) Tied together with a smile Yes
88%
Select all songs from evermore Right where you left me Yes
87%
Select all songs from 1989 You are in love Yes
87%
Select all songs from Taylor Swift (album) Change No
86%
Select all songs from evermore Cowboy like me Yes
86%
Select all songs from Red Starlight Yes
86%
Select all songs from Red Untouchable No
86%
Select all songs from evermore Happiness Yes
82%
No matching quizzes found
Score Distribution
Percent of People with Each Score
Percentile by Number Answered
Your Score History
You have not taken this quiz